Central Library OPAC University of Rajshahi

Vacuum-tube circuits / (Record no. 12762)

MARC details
000 -LEADER
fixed length control field 00733cam a22002531 4500
001 - CONTROL NUMBER
control field 12762
003 - CONTROL NUMBER IDENTIFIER
rucl marc code BD-RjUL
005 - DATE AND TIME OF LATEST TRANSACTION
control field 20211208235342.0
008 - FIXED-LENGTH DATA ELEMENTS--GENERAL INFORMATION
fixed length control field 140129r19541948n abd 001 0 eng
035 ## - SYSTEM CONTROL NUMBER
System control number (BD-RjUL)12812
System control number (OCoLC)1169390
040 ## - CATALOGING SOURCE
Original cataloging agency DLC
Transcribing agency TxU-Da
Modifying agency OCoLC
-- DLC
-- BD-RjUL
Language of cataloging eng
041 ## - LANGUAGE CODE
Language code of text/sound track or separate title eng
082 00 - DEWEY DECIMAL CLASSIFICATION NUMBER
Classification number 621.384132
Edition number 16
Author mark and year ARV 1954
100 1# - MAIN ENTRY--PERSONAL NAME
Personal name Arguimbau, Lawrence Baker.
9 (RLIN) 39751
245 10 - TITLE STATEMENT
Title Vacuum-tube circuits /
Statement of responsibility, etc. Lawrence Baker Arguimbau.
260 ## - PUBLICATION, DISTRIBUTION, ETC. (IMPRINT)
Place of publication, distribution, etc. New York :
Name of publisher, distributor, etc. J. Wiley,
Date of publication, distribution, etc. 1948 [printing 1954].
300 ## - PHYSICAL DESCRIPTION
Pagination vii, 668 p. :
Illustrations illus. ;
Size 22 cm.
504 ## - BIBLIOGRAPHY, ETC. NOTE
Bibliography, etc Includes index.
650 #0 - SUBJECT ADDED ENTRY--TOPICAL TERM
Topical term or geographic name as entry element Vacuum-tube circuits.
9 (RLIN) 27897
942 ## - ADDED ENTRY ELEMENTS (KOHA)
Source of classification or shelving scheme Dewey Decimal Classification
Koha item type Books
Holdings
Lost status Source of classification or shelving scheme Damaged status Not for loan Collection code Permanent Location Current Location Shelving location Date acquired Source of acquisition Total Checkouts Full call number Date last seen Copy number Koha item type
  Dewey Decimal Classification     Non-fiction Central Library, University of Rajshahi Central Library, University of Rajshahi   23/04/1959 Asia Foundation   621.384132 ARV 1954 29/01/2014 C-2 Books